00352 2200133 4500001002100000005001500021035002000036245009200056260002400148082000800172084001200180990001300192990001300205INLIS00000000000256320250605112618 a0010-0625000149 aKupas Tunta Microsoft Power Point 2003 dan Kupas Tuntas Microsoft Office /cAbdul Razak bPusat Bahasa,c2003 a600 a600 KUP a05201333 a05201334